[Event "SEMI B051 email"]
[Site "SEMI email"]
[Date "2006.03.01"]
[Round "?"]
[White "Jordaan, Wayne"]
[Black "Durantini, Francesco"]
[Result "1/2-1/2"]
[WhiteElo "1750"]
[BlackElo "1000"]
[PlyCount "53"]
[EventDate "2006.03.01"]
[EventType "tourn (corr)"]
[EventRounds "6"]
[EventCountry "ITA"]
[SourceTitle "Corr 2008"]
[Source "ChessBase"]
[SourceDate "2008.06.24"]
[SourceVersion "1"]
[SourceVersionDate "2008.06.24"]
[SourceQuality "1"]

1. d4 d5 2. c4 e6 3. Nf3 Nf6 4. Nc3 c5 5. Bg5 cxd4 6. Nxd4 e5 7. Ndb5 a6 8. Qa4 Bd7 9. cxd5 Qb6 10. Be3 Bxb5 11. Bxb6 Bxa4 12. Nxa4 Bb4+ 13. Kd1 Nbd7 14. f3 Nxd5 15. Bf2 b5 16. e4 N5f6 17. a3 Be7 18. Nb6 Nxb6 19. Bxb6 0-0 20. Rc1 Nd7 21. Be3 Rfd8 22. Bd3 Nc5 23. Bxc5 Bxc5 24. Rxc5 Rxd3+ 25. Kc1 f6 26. Rd1 Rxd1+ 27. Kxd1 1/2-1/2